000 01205nam0a22002771 4500
001 rc\2778696
005 20250805160813.4
035 _a(NLR Aleph) 006904948
090 _a7286798
_c7286798
100 _a20110915d1942 |||y0rusy50 ca
101 0 _arus
102 _aRU
105 _aa z |||||
200 1 _aОпыт работы тысячника т. Жарикова С. Г. ОСМЧ Уралмашстрой
_f... Сост. по материалам "Уралмашстрой" инж. И. К. Бобковым под общ. ред. канд. техн. наук инж. В. С. Туркина
210 _a[Москва]
_cСтройиздат Наркомстроя
_d1942
215 _a8 с.
_cил.
_d19 см.
225 1 _aТысячники-строители
_fСССР. Нар. ком. по строительству. Техн. упр. Гипрооргстрой
700 1 _aБобков
_bИ. К.
_gИван Кузьмич
702 1 _aТуркин
_bВ. С.
_4340
801 0 _aRU
_bNLR
_gpsbo
801 1 _aRU
_bELAR
_2rusmarc
852 _aNLR
_jТ14 Г-4/210
942 _cBOOK
945 _aРоссийская национальная библиотека
980 _aNB
980 _aBV